Score 0/20 Timer 03:00
1 Play Today
Scrambled Band Unscrambled Name % Correct
EILVLive
96.7%
AELPR AJMPearl Jam
92.3%
HBSUBush
91.7%
EHLOHole
88.8%
ING SSSLOOBMGin Blossoms
82.3%
OFO EFGHIRSTFoo Fighters
81.7%
EHIOOT DAN ETH BFHILOSWHootie and the Blowfish
77%
DBILN ELMNOBlind Melon
73%
ANANVIRNirvana
72.4%
OTESN EELPTM ILOPSTStone Temple Pilots
69.8%
Scrambled Band Unscrambled Name % Correct
ACEIL NI ACISHNAlice in Chains
69.6%
AGHIMNSS IKMNPPSUSmashing Pumpkins
60.3%
HET AEFLLLORWSWThe Wallflowers
50.9%
AABEGGRGarbage
44.2%
OLSU YALMSUSoul Asylum
43.9%
EBSUL AEELRRTVBlues Traveler
43.2%
ACERUV TASLVeruca Salt
39.9%
ACRESNIMG EETSRScreaming Trees
39.2%
ADDEGNNORSUSoundgarden
35.8%
LVACEHRRIISSilverchair
17.7%

You're not logged in!

Compare scores with friends on all Sporcle quizzes.
OR
Log In

Sporcle TV

Today on Sporcle TV


Watch our educational content, quiz creation guides, and fun videos on Sporcle TV.

Show Comments

Extras

Top Quizzes Today


Score Distribution

Your Account Isn't Verified!

In order to create a playlist on Sporcle, you need to verify the email address you used during registration. Go to your Sporcle Settings to finish the process.

Report this User

Report this user for behavior that violates our Community Guidelines.

Details: